00878nam a2200205 i 4500001000400000245018100004250007500185260007200260300004100332504002900373651002700402700002300429700003100452700002600483020000800509040000800517041000800525008004100533856009800574bgj00aAn Outline of American History /coriginally prep. in consultation with Wood Gray, and the late Richard Hofstdter ; additional editorial material prepared by D. Steven Endsley. a[Edition revised and updated] /bbrought up to date by Keith W. Olson. a[Washington, D.C.] :bUnited States Information Agency,c[ca 1990]. a197, [24] pp :bill., maps ;c21 cm. aBibliography p. 195-197. 9aUnited StatesxHistory1 aGRAY, Wood.econs.1 aHOFSTDTER, Richard.econs.1 aENDSLEY, Steven.eed. apbk cBPK aeng s uk f |000 0 eng  uhttp://koha.tu.koszalin.pl/cgi-bin/koha/opac-detail.pl?biblionumber=47335yKatalog online BPK